000 00677nam a2200229Ia 4500
003 OSt
005 20220928123925.0
006 a|||||r|||| 00| 0
007 ta
008 220927b |||||||| |||| 00| 0 eng d
024 _a131707
037 _cTextual
040 _aSDCL
_cSDCL
_beng
041 _2eng
_aeng
082 _aT9(Q7):2.2'M, H1
100 _aSufi G M D
_9462327
245 0 _aAl-Minhaj being the evolution of curriculum in the muslim educational institutions of India.
260 _aDelhi
_bIdarah-I Adabiyat-I Delli
_c1941
300 _axv,238p.
_ccm.
942 _hT9(Q7):2.2'M, H1
_cTEXL
_2CC
999 _c775319
_d775319